| 000 | 01029nam a22002417a 4500 | ||
|---|---|---|---|
| 001 | 30 | ||
| 003 | FISKH | ||
| 005 | 20250930112222.0 | ||
| 008 | 230126b cb ||||| |||| 00| 0 eng d | ||
| 020 | _a9781407172545 | ||
| 040 |
_cFISKH _aFISKH _beng _dFISKH |
||
| 050 |
_aPR 4560 _b.A1 |
||
| 082 | _a823.8 | ||
| 100 |
_aDickens, Charles. _d1812-1870 |
||
| 245 |
_aGreat expectations _cCharles Dickens |
||
| 260 |
_aLondon : _bScholastic, _c2017 |
||
| 300 |
_a598 pages : _c20 cm. |
||
| 520 | _aPip is content with his simple life until a bitter gentlewoman employs him as a sometime companion to herself and her adopted daughter. Pip then aspires to become a gentleman himself, though his dreams are unrealistic until the day he mysteriously comes into a fortune and is sent to London to become refined. The story follows Pip's journey into adulthood and emotional maturity and understanding. | ||
| 521 |
_a1150 _bFISKH |
||
| 651 | 0 |
_aEngland _vJuvenile fiction _xsocial conditions |
|
| 655 | _aChildren's Stories | ||
| 942 |
_2ddc _cBK _n0 |
||
| 999 |
_c30 _d30 |
||